000 00764nam a2200205Ia 4500
003 GCL
008 140319s9999 xx 000 0 ara d
040 _aGCL /
_cGCL
082 0 4 _a415.5
_bش ت
100 1 _aشوقى ضيف
245 1 0 _aتحريفات العامية للفصحى فى القواعد والبنيات والحروف والحركات /
_cشوقى ضيف
300 _a204 ص
490 _aالهيئة العامة للاستعلامات
_v0
650 0 4 _aاللغة العربية
650 0 4 _aاللغة العربية - النحو
650 0 4 _aاللغة العربية - قواعد الاملاء
650 0 4 _aاللغة العامية المصرية
650 0 4 _aاللغة العربية - النحو - مصر
942 _2ddc
_cBK
999 _c49001
_d49001